| 000 | 02083nam a2200361 i 4500 | ||
|---|---|---|---|
| 003 | CO-MdUADB | ||
| 005 | 20260221100725.0 | ||
| 007 | ta | ||
| 008 | 230428s2010 sp bo||gr|||| 001 0dspa d | ||
| 020 | _a9788483471227 | ||
| 040 |
_aCO-MdUADB _bspa _cCO-MdUADB _erda |
||
| 041 | 0 | _aspa | |
| 082 | 0 | 4 |
_a301 _bJ371 |
| 245 | 1 | 0 |
_aAntología de Orlando Fals Borda / _cJaime Eduardo Jaramillo Jiménez |
| 264 | 1 |
_aMadrid : _bAgencia Española de Cooperación Internacional para el Desarrollo. Dirección de Relaciones Culturales y Científicas, _c2010 |
|
| 300 |
_a282 páginas : _bmapas, fotografías ; _c23 cm. |
||
| 336 |
_2rdacontent _atexto _btxt |
||
| 337 | _ano mediado | ||
| 338 | _avolumen | ||
| 377 |
_aspa _lEspañol |
||
| 380 | 7 |
_2lemb _aLibros de texto |
|
| 490 | 0 |
_a(Antología del Pensamiento Político, Social y Económico de América LAtina. Ciencias y Humanidades ; _v26) |
|
| 500 | _aBIBLIOTECA CARLOS GAVIRIA DÍAZ : ANOTACIONES : Texto con ideas resaltadas en las páginas : 7, 15, 35, 247, 249, 250, 251, 253 y 254 ; DEDICATORIA : Libro impreso con dedicatoria a Carlos Gaviria Díaz de Jaime Eduardo Jaramillo que dice “Para el maestro Carlos Gaviria: Con admiración y reconocimiento a su trayectoria jurídica, intelectual y política. Cordialmente, Jaime E. Jaramillo“, con firma original. | ||
| 500 | _aIncluye índice. | ||
| 504 | _aBibliografía : páginas 275-282. | ||
| 505 | 2 | 0 |
_tCampesinos andinos y campesinos caribes: sociedad, cultura y personalidad -- _tLa violencia política en Colombia y el conflicto bipartidista -- _tEl resurgir de las regiones y el ordenamiento territorial -- _tHistoria y política en América Latina -- _tLa investigación-acción participativa: ciencias sociales y praxis política. |
| 521 | _aPúblico destinatario : Público general. | ||
| 600 | 1 | 7 |
_aFals Borda, Orlando, _d1925-2008 _2viaf _9242742 |
| 650 | 4 |
_aAntologías _92985 |
|
| 651 | 4 |
_aColombia _xCondiciones sociales _9854067 |
|
| 700 |
_9258093 _aJaramillo Jiménez, Jaime Eduardo, _d1949- _ecom |
||
| 942 |
_2ddc _cBOOK |
||
| 999 |
_c856496 _d856496 |
||